[Event "Antwerp League-ch op"]
[Site "Brasschaat"]
[Date "1987.11.29"]
[Round "3"]
[White "Talon, Alain"]
[Black "Demont, Yves"]
[Result "1/2-1/2"]
[WhiteElo "1745"]
[BlackElo "2033"]
[PlyCount "33"]
[EventDate "1987.10.25"]
[EventType "swiss"]
[EventRounds "9"]
[EventCountry "BEL"]
[SourceTitle "EXT 2021"]
[Source "ChessBase"]
[SourceDate "2020.10.23"]
[SourceVersion "1"]
[SourceVersionDate "2020.10.23"]
[SourceQuality "1"]

1. e4 c5 2. Nf3 Nc6 3. d4 cxd4 4. c3 dxc3 5. Nxc3 d6 6. Bc4 e6 7. 0-0 a6 8. Qe2 Nf6 9. Rd1 Qc7 10. Bf4 Nh5 11. Be3 Rb8 12. Rac1 Bd7 13. Bb3 Nf6 14. Nd5 exd5 15. exd5 Be7 16. dxc6 Bxc6 17. Nd4 1/2-1/2